000 00318nam a22000857a 4500
245 _aIS 15354 (Part I) 2018-ISO 11193-1:2008 Single-use medical examination gloves. Part !. Specification for gloves made from rubber latex or rubber solution. First Revision
260 _aNew Delhi
_bBSI
_c2018
300 _a10p.
942 _cST
999 _c75149
_d75149